书目信息 |
| 题名: |
现代音乐人编曲手册
|
|
| 作者: | 皮耶若罗 , 德罗莎 著 ;夏田 , 刘捷 译 | |
| 分册: | ||
| 出版信息: | 北京 人民邮电出版社 2018.11 |
|
| 页数: | 269页 | |
| 开本: | 24cm | |
| 丛书名: | 北京电影学院录音系声音技术与艺术丛书 | |
| 单 册: | ||
| 中图分类: | J614.4 | |
| 科图分类: | ||
| 主题词: | 管弦乐法 | |
| 电子资源: | ||
| ISBN: | 978-7-115-22919-9 | |
| 000 | 01755nam 2200385 45 | |
| 001 | 012001000966 | |
| 005 | 20130910103313.0 | |
| 010 | @a978-7-115-22919-9@dCNY68.00 | |
| 010 | @a978-7-89443-043-4@b光盘 | |
| 099 | @aCAL 012010158774 | |
| 100 | @a20100702d2010 em y0chiy0110 ea | |
| 101 | 1 | @achi@ceng |
| 102 | @aCN@b110000 | |
| 105 | @aagk z 000yy | |
| 106 | @ar | |
| 200 | 1 | @a现代音乐人编曲手册@Axian dai yin yue ren bian qu shou ce@e传统管弦乐配器和MIDI音序制作必备指南@f(美) Andrea Pejrolo, Richard DeRosa著@g夏田, 刘捷译 |
| 210 | @a北京@c人民邮电出版社@d2018.11 | |
| 215 | @a269页@c图, 乐谱@d24cm@e光盘1片 | |
| 225 | 2 | @a北京电影学院录音系声音技术与艺术丛书@Abei jing dian ying xue yuan lu yin xi sheng yin ji shu yu yi shu cong shu |
| 300 | @a其他题名:传统管弦乐配器和MIDI音序制作必备指南 | |
| 305 | @a据Elsevier Inc.2007年英文版译出。 | |
| 306 | @aElsevier(Singapore)Pte Ltd.授权出版。 | |
| 314 | @aCIP题责任者Pejrolo汉译姓: 皮耶若罗;责任者DeRosa规范汉译姓: 德罗莎 | |
| 330 | @a本书通过对传统管弦乐配器和MIDI音序及数字音频方面的介绍,引导读者从概念出发,一步步将灵感变成音序,最终制作出完整的作品。介绍了当今在录音室中制作管弦乐所涉及的传统配器法和MIDI配器法,以及从总谱到最终混录完成及母带输出的整个制作流程。 | |
| 461 | 0 | @12001 @a北京电影学院录音系声音技术与艺术丛书 |
| 500 | 10 | @aAcoustic and MIDI orchestration for the contemporary composer@mChinese |
| 517 | 1 | @a传统管弦乐配器和MIDI音序制作必备指南 |
| 606 | 0 | @a管弦乐法 |
| 690 | @aJ614.4@v5 | |
| 701 | 1 | @a皮耶若罗@Api ye ruo luo@g(Pejrolo, Andrea)@4著 |
| 701 | 1 | @a德罗莎@Ade luo sha@g(DeRosa, Richard)@4著 |
| 702 | 0 | @a夏田@Axia tian@4译 |
| 702 | 0 | @a刘捷@Aliu jie@4译 |
| 801 | @aCN@b江苏凤凰@c20211018 | |
| 905 | @b1341693-6@dJ614.4@e1282@f4 | |
| 现代音乐人编曲手册:传统管弦乐配器和MIDI音序制作必备指南/(美) Andrea Pejrolo, Richard DeRosa著/夏田, 刘捷译.-北京:人民邮电出版社,2018.11 |
| 269页:图, 乐谱;24cm+光盘1片.-(北京电影学院录音系声音技术与艺术丛书) |
| 其他题名:传统管弦乐配器和MIDI音序制作必备指南 |
| ISBN 978-7-115-22919-9:CNY68.00 |
| 本书通过对传统管弦乐配器和MIDI音序及数字音频方面的介绍,引导读者从概念出发,一步步将灵感变成音序,最终制作出完整的作品。介绍了当今在录音室中制作管弦乐所涉及的传统配器法和MIDI配器法,以及从总谱到最终混录完成及母带输出的整个制作流程。 |
| ● |
| 相关链接 |
|
|
|
|
正题名:现代音乐人编曲手册
索取号:J614.4/1282
 
预约/预借
| 序号 | 登录号 | 条形码 | 馆藏地/架位号 | 状态 | 备注 |
| 1 | 1341693 | 213416935 | 第一样本阅览室/ [索取号:J614.4/1282] | 在馆 | |
| 2 | 1341694 | 213416944 | 第一借阅区/ [索取号:J614.4/1282] | 在馆 | |
| 3 | 1341695 | 213416953 | 第一借阅区/ [索取号:J614.4/1282] | 在馆 | |
| 4 | 1341696 | 213416962 | 第一借阅区/ [索取号:J614.4/1282] | 在馆 |